Pájaros por Imágenes #3 - Estadísticas

Estadísticas generales
  • Esta prueba ha sido intentada 748 veces
  • La puntuación promedio es 11 de 18
Estadísticas de respuestas
Imagen Respuesta % Correcto
Cisne vulgar
98%
Paloma bravía
98%
Lechuza común
97%
Ranfástido
96%
Cuervo grande
89%
Loro Yaco
88%
Buitre dorsiblanco africano
84%
Águila {real}
75%
Halcón berigora
71%
Picamaderos norteamericano
71%
Martín pescador común
58%
Casuario común
33%
Águila {harpía}
26%
Espátula real
26%
Piquero camanay
19%
Zorzal robín
18%
Pato {criollo}
15%
Mérgulo atlántico
10%
No se encontraron pruebas coincidentes
Distribución de puntuación
Porcentaje de gente con cada puntuación
Porcentaje por número respondido
Historial de tus puntuaciones
No has intentado esta prueba.